Inside the Pakistan Army : a woman's experience on the frontline of the war on terror (Record no. 321246)

000 -LEADER
fixed length control field 00425 a2200133 4500
001 - CONTROL NUMBER
control field 86173
003 - CONTROL NUMBER IDENTIFIER
control field NUST
005 - DATE AND TIME OF LATEST TRANSACTION
control field 20180122091529.0
008 - FIXED-LENGTH DATA ELEMENTS--GENERAL INFORMATION
fixed length control field 180122b xxu||||| |||| 00| 0 eng d
020 ## - INTERNATIONAL STANDARD BOOK NUMBER
International Standard Book Number 9788182745636
082 ## - DEWEY DECIMAL CLASSIFICATION NUMBER
Classification number 355.0095491 SCH
100 ## - MAIN ENTRY--PERSONAL NAME
Personal name Carey Schofield
9 (RLIN) 186
245 ## - TITLE STATEMENT
Title Inside the Pakistan Army : a woman's experience on the frontline of the war on terror
Statement of responsibility, etc. Carey Schofield
260 ## - PUBLICATION, DISTRIBUTION, ETC.
Place of publication, distribution, etc. New Delhi
Name of publisher, distributor, etc. Pentagon Security International
Date of publication, distribution, etc. 2011
300 ## - PHYSICAL DESCRIPTION
Extent vii 232p.
942 ## - ADDED ENTRY ELEMENTS (KOHA)
Institution code [OBSOLETE] CAE NUST
Koha item type Book
Call number prefix 355.0095491 SCH
Source of classification or shelving scheme
Holdings
Withdrawn status Lost status Damaged status Not for loan Collection code Permanent Location Current Location Date acquired Total Checkouts Full call number Barcode Date last seen Price effective from Koha item type
          College of Aeronautical Engineering (CAE) College of Aeronautical Engineering (CAE) 04/03/2017   355.0095491 SCH CAE85088 04/05/2017 04/05/2017 Book
© 2023 Central Library, National University of Sciences and Technology. All Rights Reserved.